O homem que espalhou o deserto (Record no. 48446)

MARC details
000 -LÍDER
campo de controle de tamanho fixo 00532 a2200205 4500
001 - NÚMERO DE CONTROLE
campo de controle 48446
020 ## - ISBN - INTERNATIONAL STANDARD BOOK NUMBER
ISBN - International Standard Book Number 9788526002760
041 ## - CÓDIGO DE IDIOMA
Código do idioma do texto/trilha sonora ou título diferente por
082 ## - CDD - CLASSIFICAÇÃO DECIMAL DE DEWEY
Número de Classificação 028.5
040 ## - FONTE DA CATALOGAÇÃO
Instituição da catalogação original BR-BrIDEA
Instituição que transcreveu o registro BR-BrIDEA
090 ## - NÚMERO DE CHAMADA LOCAL
Número de chamada (OCLC) (R); Número de chamada, CALL (RLIN) (NR) AP Year 2 028
Número Cutter local (OCLC); Número de classificação do livro, CALL (RLIN) BRA
100 ## - ENTRADA PRINCIPAL--NOME PESSOAL
Nome pessoal Brandão, Ignácio de Loyola
Datas associadas ao nome 1936
250 ## - EDIÇÃO
Edição 12. ed.
245 10 - TÍTULO
Título O homem que espalhou o deserto
Indicação de responsabilidade, etc. Ignácio de Loyol Brandão
260 ## - PUBLICAÇÃO, DISTRIBUIÇÃO, ETC.
Local de publicação, distribuição, etc. São Paulo
Nome do editor, distribuidor, etc. Global
Data da publicação, distribuição, etc. 2003
697 ## - ENTRADA DE ASSUNTO LOCAL--ENTIDADE COLETIVA (RLIN)
Nome corporativo ou nome da jurisdição Literatura infanto-juvenil
697 ## - ENTRADA DE ASSUNTO LOCAL--ENTIDADE COLETIVA (RLIN)
Nome corporativo ou nome da jurisdição Ecologia
856 ## - LOCALIZAÇÃO ELETRÔNICA E ACESSO
Uniform Resource Identifier <a href="00001c/00001c15.jpg">00001c/00001c15.jpg</a>
942 ## - ELEMENTOS DE ENTRADA ADICIONADOS (KOHA)
Tipo de material Koha Livros
Holdings
Situação do descarte Situação das perdas Situação física Não pode ser emprestado Biblioteca de origem Biblioteca atual Data de aquisição Total de empréstimos Número de chamada completo Código de barras Data de último acesso Data do preço efetivo Tipo de material Koha Fonte da classificação ou esquema de arquivamento na estante Data do último empréstimo Devolução em
        Canadian School of Niterói - Piratininga Canadian School of Niterói - Piratininga 09/02/2024   BRA A07853 09/02/2024 09/02/2024 Livros      
        Canadian School of Niterói - Piratininga Canadian School of Niterói - Piratininga 09/02/2024   BRA A07854 09/02/2024 09/02/2024 Livros      
        Colégio Anchieta - Bela Vista Colégio Anchieta - Bela Vista 21/11/2023   028.5 B817h BRA HOM 433/BEL 21/11/2023 21/11/2023 Livros      
        ECB - SUDOESTE ECB - SUDOESTE 10/04/2015 3 P Year 2 028 00015008SSW 10/05/2024 23/01/2024 Livros Classificação Decimal de Dewey 03/05/2024  
        ECB - SUDOESTE ECB - SUDOESTE 10/04/2015 2 P Year 2 028 00015007SSW 05/04/2024 23/01/2024 Livros Classificação Decimal de Dewey 22/03/2024  
        ECB - SUDOESTE ECB - SUDOESTE 26/11/2015 1 P Year 2 028 00017643SSW 20/05/2024 23/01/2024 Livros Classificação Decimal de Dewey 08/02/2024  
        ECB - SUDOESTE ECB - SUDOESTE 26/11/2015 1 P Year 2 028 00017642SSW 08/02/2024 23/01/2024 Livros Classificação Decimal de Dewey 08/02/2024 08/04/2024
        ECB - SUDOESTE ECB - SUDOESTE 10/04/2015 1 P Year 2 028 00015006SSW 08/02/2024 23/01/2024 Livros Classificação Decimal de Dewey 08/02/2024 08/04/2024
        ECB - ÁGUAS CLARAS ECB - ÁGUAS CLARAS 21/11/2018   AP Year 2 028 BRA 00038786AGC 23/01/2024 23/01/2024 Livros Classificação Decimal de Dewey    
        Leonardo Da Vinci - Alphaville 2 Leonardo Da Vinci - Alphaville 2 27/03/2024   028.5 B817h 2A117 27/03/2024 27/03/2024 Livros